Lập trình cơ sở dữ liệu Visual Basic SQL Server
Tổng quan về visual basic và SQL server. Mô hình ứng dụng (application architecture). Truy xuất dữ liệu của SQL server. Hiệu chỉnh dữ liệu của SQL server. Tối ưu hoá ứng dụng SQL server. Microsoft data engine. Visual database tools. Các dịch vụ biến đổi dữ liệu...
Guardat en:
| Autor principal: | |
|---|---|
| Format: | Llibre |
| Idioma: | Vietnamese |
| Publicat: |
H.
Thống kê
2001
|
| Matèries: | |
| Etiquetes: |
Afegir etiqueta
Sense etiquetes, Sigues el primer a etiquetar aquest registre!
|
| Thư viện lưu trữ: | Mạng thư viện Đại học Đà Nẵng |
|---|
| LEADER | 01352nam a2200337 4500 | ||
|---|---|---|---|
| 001 | 000012986 | ||
| 003 | 9314 | ||
| 005 | 20120306080332.0 | ||
| 008 | 120306s2001 viesd | ||
| 020 | |c 50000đ | ||
| 041 | 0 | |a vie | |
| 082 | |a 005.26 |b VO-L | ||
| 100 | 0 | |a Võ, Phước Linh | |
| 245 | 0 | |a Lập trình cơ sở dữ liệu Visual Basic SQL Server |c Võ Phước Linh | |
| 260 | |a H. |b Thống kê |c 2001 | ||
| 300 | |a 499tr : hình vẽ |c 21 cm | ||
| 520 | |a Tổng quan về visual basic và SQL server. Mô hình ứng dụng (application architecture). Truy xuất dữ liệu của SQL server. Hiệu chỉnh dữ liệu của SQL server. Tối ưu hoá ứng dụng SQL server. Microsoft data engine. Visual database tools. Các dịch vụ biến đổi dữ liệu | ||
| 653 | |a Lập trình | ||
| 653 | |a Cơ sở dữ liệu | ||
| 653 | |a Tin học | ||
| 910 | |a duyên | ||
| OWN | |a LSP | ||
| AVA | |a UDN50 |b LSP |d 005.26 VO-L |e available |t Error 5001 Not defined in file expand_doc_bib_avail. |f 4 |g 0 |h N |i 0 |k 1 | ||
| 999 | |a From the UDN01 | ||
| AVA | |a UDN50 |b LSP |d 005.26 VO-L |e available |t Error 5001 Not defined in file expand_doc_bib_avail. |f 4 |g 0 |h N |i 0 |k 1 | ||
| TYP | |a Monograph | ||
| TYP | |a Printed language | ||
| 980 | |a Mạng thư viện Đại học Đà Nẵng | ||